Normal view MARC view

Entry Topical Term

Number of records used in: 2

001 - CONTROL NUMBER

  • control field: 53882

003 - CONTROL NUMBER IDENTIFIER

  • control field: dpl

005 - DATE AND TIME OF LATEST TRANSACTION

  • control field: 20121127124502.0

008 - FIXED-LENGTH DATA ELEMENTS

  • fixed length control field: 121127|||a|||||| | ||| d

040 ## - CATALOGING SOURCE

  • Original cataloging agency: dpl
  • Transcribing agency: dpl

150 ## - HEADING--TOPICAL TERM

  • Topical term or geographic name as entry element: Managerial accounting.

670 ## - SOURCE DATA FOUND

  • Source citation: Work cat.: (dpl): Garrison, Ray H. 53881, Managerial accounting /, 2010

670 ## - SOURCE DATA FOUND

  • Source citation: Work cat.: (dpl): Garrison, Ray H. 53881, Managerial accounting /, 2010

© Delhi Public Library
Hit Counter
free hit counter